Cimentaciones / (Record no. 140249)

MARC details
000 -LEADER
campo de control de longitud fija 00712nam a2200205 4500
001 - NÚMERO DE CONTROL
campo de control 140249
003 - IDENTIFICADOR DE NÚMERO DE CONTROL
campo de control ES-MaACL
005 - FECHA Y HORA DE LA ÚLTIMA TRANSACCIÓN
campo de control 20230906200036.0
007 - CAMPO FIJO DE DESCRIPCIÓN FÍSICA--INFORMACIÓN GENERAL
campo de control de longitud fija t|
008 - DATOS DE LONGITUD FIJA--INFORMACIÓN GENERAL
campo de control de longitud fija 070214s1970 sp r ||||1| spa d
100 1# - ENTRADA PRINCIPAL--NOMBRE DE PERSONA
Nombre de persona Schulze, Walther Edmund.
9 (RLIN) 104800
245 10 - MENCIÓN DEL TÍTULO
Título Cimentaciones /
Mención de responsabilidad, etc. Walther Edmund Schulze, Konrad Simmer ; traducción de José María Rodríguez Ortiz ; adaptación de Ricardo Marsal Monzón.
260 ## - PUBLICACIÓN, DISTRIBUCIÓN, ETC.
Lugar de publicación, distribución, etc. Madrid :
Nombre del editor, distribuidor, etc. Blume,
Fecha de publicación, distribución, etc. 1970.
300 ## - DESCRIPCIÓN FÍSICA
Extensión XV, 365 p. :
Otras características físicas il. ;
Dimensiones 25 cm.
700 1# - ENTRADA AGREGADA--NOMBRE PERSONAL
Nombre de persona Simmer, Konrad,
Término indicativo de función/relación
9 (RLIN) 220589
700 1# - ENTRADA AGREGADA--NOMBRE PERSONAL
Nombre de persona Rodríguez Ortiz, José María.
9 (RLIN) 98711
700 1# - ENTRADA AGREGADA--NOMBRE PERSONAL
Nombre de persona Marsal Monzón, Ricardo.
9 (RLIN) 77108
852 ## - LOCALIZACIÓN
Ubicación ES-MaACL
Número de control de estantería C-37584
Sublocalización o colección R.75055
Holdings
Estatus retirado Estado de pérdida Estado de daño No para préstamo Biblioteca de origen Biblioteca actual Ubicación en estantería Fecha de adquisición Fuente de adquisición Total de préstamos Signatura topográfica completa Código de barras Visto por última vez Precio de reemplazo Tipo de ítem Koha
        Biblioteca del Ateneo de Madrid Biblioteca del Ateneo de Madrid Depósito 2 17/01/2008     C-37584 1145948 23/02/2023 23/02/2023 Libro impreso